| 000 | 00000nam 2200000za 4500 |
| 001 | 9.856060 |
| 003 | CaOODSP |
| 005 | 20221107155442 |
| 007 | cr ||||||||||| |
| 008 | 180502s2018 onca o f000 0 eng d |
| 040 | |aCaOODSP|beng |
| 043 | |an-cn--- |
| 086 | 1 |aFC5-50/2018E-PDF |
| 245 | 00|aProgress report |h[electronic resource] : |bCanada’s national research plan on financial literacy 2016-2018. |
| 246 | 30|aCanada’s national research plan on financial literacy 2016-2018 |
| 260 | |a[Ottawa] : |bFinancial Consumer Agency of Canada, |c2018. |
| 300 | |a38 p. : |bcol. ill. |
| 500 | |aIssued also in French under title: Rapport d’avancement : plan national de recherche du Canada sur la littératie financière 2016-2018. |
| 500 | |aCover title. |
| 500 | |a"April 2018." |
| 500 | |aIssued also in HTML format. |
| 520 | |a“This report describes the progress made in advancing financial literacy research in Canada since the release of the National Research Plan on Financial Literacy 2016-2018"--P. 2. |
| 693 | 4|aFinancial literacy |
| 693 | 4|aResearch |
| 710 | 2 |aFinancial Consumer Agency of Canada. |
| 775 | 08|tRapport d’avancement |w(CaOODSP)9.856063 |
| 856 | 40|qPDF|s1.53 MB|uhttps://publications.gc.ca/collections/collection_2018/acfc-fcac/FC5-50-2018-eng.pdf |
| 856 | 4 |qHTML|sN/A|uhttps://www.canada.ca/en/financial-consumer-agency/programs/research/progress-report-national-research-plan-2016-2018.html |